| 000 | 00860nam a22002055i 4500 | ||
|---|---|---|---|
| 001 | 167643 | ||
| 003 | ES-MaACL | ||
| 005 | 20250809105146.0 | ||
| 008 | 960320s1855 sp |||| | spa d | ||
| 040 |
_aAS _bspa _cCCPB | SIC |
||
| 100 | 1 |
_aVinader, Ramón. _9133779 |
|
| 245 | 1 | 0 |
_aBiografía del Señor don Carlos Luis María de Borbón y de Braganza, Conde de Montemolin _b: abraza la historia de la Guerra Civil en los años 1847, 1848 y 1849. |
| 260 |
_aMadrid : _b[s.n.], _c1855 ( _fManuel Morales y Rodríguez) |
||
| 300 |
_aVII, 203 p., [1] h. de lám. ; _c23 cm. |
||
| 500 | _aEncab. tomado de Palau 29817. | ||
| 600 | 1 | 4 |
_aBorbón, Carlos Luis de, _cConde de Montemolín, _d1818-1861 _9147969 |
| 651 | 0 | 4 |
_aEspaña- _xHistoria- _y1833-1876, Guerras carlistas. _98253 |
| 852 |
_aES-MaACL _jG-3031 _z-- Enc. hol. |
||
| 999 |
_c167643 _d167643 |
||